• 首页
  • 本馆介绍
  • 公告通知
  • 最新文献
  • 馆藏检索
  • 电子资源
  • 读者导购
  • 参考咨询
  • 我的图书馆
  • 登录
  • 详细信息显示
  • 放入我的书架
  • 预约/预借图书
  • 作者相关作品
  • 分类相关作品
  • 丛书相关作品
  • 出版社相关作品

书目信息

  • 表格格式
  • 工作单格式
  • 卡片格式
题名:
中药提取分离技术
    
 
作者: 韩继红 主编
分册:  
出版信息: 北京   化学工业出版社  2013.09
页数: 155页
开本: 26cm
丛书名:
单 册:
中图分类: R284.2
科图分类:
主题词: 中药化学成分--提取--职业大学--教材 , 中药化学成分--分离--职业大学--教材 , 中药化学成分 , 提取 , 分离
电子资源:
ISBN: 978-7-122-17721-6
000 01093nam0 2200301 450
001 006194769
005 20140610085332.75
010    @a978-7-122-17721-6@dCNY25.00
100    @a20130830d2013 em y0chiy0110 ea
101 0  @achi
102    @aCN@b110000
105    @aak z 000yy
106    @ar
200 1  @a中药提取分离技术@9zhong yao ti qu fen li ji shu@f韩继红主编
210    @a北京@c化学工业出版社@d2013.09
215    @a155页@c图@d26cm
300    @a国家级骨干高职院校建设规划教材
330    @a本书主要介绍了中药化学成分的结构、性质和有效成分的提取、分离、鉴定等基本理论和实践技能知识;介绍了实验室中对生物碱类、苷类、黄酮类、香豆素等成分制备方法及其典型物质的制备工艺;介绍了工业上中药提取分离所涉及的浸取、分离纯化、浓缩等操作的基本工艺、主要生产设备等。
333    @a高职
606 0  @a中药化学成分@x提取@x职业大学@j教材
606 0  @a中药化学成分@x分离@x职业大学@j教材
606 0  @a中药化学成分
606 0  @a提取
606 0  @a分离
690    @aR284.2@v5
701  0 @a韩继红@9han ji hong@4主编
801  0 @aCN@b人天书店@c20130830
905    @b847156-58@dR284.2@e316@f3
    
    中药提取分离技术/韩继红主编.-北京:化学工业出版社,2013.09
    155页:图;26cm
    国家级骨干高职院校建设规划教材.-使用对象:高职
    
    ISBN 978-7-122-17721-6:CNY25.00
    本书主要介绍了中药化学成分的结构、性质和有效成分的提取、分离、鉴定等基本理论和实践技能知识;介绍了实验室中对生物碱类、苷类、黄酮类、香豆素等成分制备方法及其典型物质的制备工艺;介绍了工业上中药提取分离所涉及的浸取、分离纯化、浓缩等操作的基本工艺、主要生产设备等。
●
相关链接 在E读中查询图书 在五车中查询图书 在当当中查询图书 在豆瓣中查询图书


正题名:中药提取分离技术     索取号:R284.2/316         预约/预借

序号 登录号 条形码 馆藏地/架位号 状态 备注
1 847156   208471562   第二样本阅览室/ [索取号:R284.2/316] 在馆    
2 847157   208471571   密集书库-生命科学系/ [索取号:R284.2/316] 在馆    
3 847158   208471580   第三借阅区/ [索取号:R284.2/316] 在馆    
唐山师范学院图书馆 欢迎您!
大连网信软件有限公司© 版权所有